000 00294nam a2200121Ia 4500
008 190216s9999||||xx |||||||||||||| ||und||
100 _aSinha. R.K
245 0 _aEvolution Of Fiscal Federalism In India
260 _bSouth Asian Pubs
_c1981
300 _a253p
650 _aEconomics
942 _cBK
999 _c9551
_d9551